000 00772cab a22001935a 4500
001 L144498
008 080723e20080718xxkd f s 000 0 eng d
035 _a(Sirsi) u144498
041 0 _aeng
100 1 _aGlackin, Michael
245 0 0 _aSocial housing proved welcome refuge from the crunch in June
260 _c2008
490 0 _aBuilding
_v273(8538) 18 July 2008, 20-21(2)
520 _aPresents business barometer data on contracts with a value of £100,000 or above, and work awarded by negotiation or competitive tender. Reports that Laing O'Rourke has climbed to the top position of the table, followed by two affordable housing firms. Tables.
590 _aKA
651 4 _aUnited Kingdom
_y
690 _aBUILT ENVIRONMENT-CONSTRUCTION MARKET
942 _n0
999 _c80496
_d80496